[Event "NOR-chT Elite 2122"]
[Site "Norway"]
[Date "2022.02.04"]
[Round "4.1"]
[White "Ekeberg, Carl Fredrik"]
[Black "Kaasen, Tor Fredrik"]
[Result "0-1"]
[WhiteElo "2276"]
[BlackElo "2458"]
[PlyCount "76"]
[EventDate "2021.10.28"]
[EventType "team-tourn"]
[EventRounds "9"]
[EventCountry "NOR"]
[SourceTitle "EXT 2023"]
[Source "ChessBase"]
[SourceDate "2022.10.05"]
[SourceVersion "1"]
[SourceVersionDate "2022.10.05"]
[SourceQuality "1"]
[WhiteTeam "Asker"]
[BlackTeam "Valerenga"]
[WhiteTeamCountry "NOR"]
[BlackTeamCountry "NOR"]

1. e4 c5 2. c3 Nf6 3. e5 Nd5 4. Nf3 d6 5. Bc4 Nb6 6. Bb3 c4 7. Bc2 dxe5 8. Nxe5 Qd5 9. Nf3 Qe6+ 10. Kf1 g6 11. b3 Bg7 12. Na3 cxb3 13. axb3 Nd5 14. Bb2 Qc6 15. Nc4 0-0 16. d4 Qc7 17. Qd2 Nc6 18. Re1 Rd8 19. h3 b5 20. Ne3 Nxe3+ 21. fxe3 Bb7 22. Kf2 Rac8 23. Bd3 Na5 24. Bxb5 Nxb3 25. Qe2 e5 26. Rd1 Qb6 27. Rhe1 Rb8 28. Bc4 Na5 29. Ba3 Nxc4 30. Qxc4 Rdc8 31. Bc5 Qf6 32. e4 Bf8 33. Ra1 exd4 34. cxd4 Bxe4 35. Qa6 Qf4 36. Qe2 Re8 37. Bxf8 Bxf3 38. Qxe8 Be4+ 0-1

[Event "NOR-chT Elite 1920"]
[Site "Norway"]
[Date "2019.11.02"]
[Round "2.3"]
[White "Ekeberg, Carl Fredrik"]
[Black "Stigar, Petter"]
[Result "1/2-1/2"]
[WhiteElo "2265"]
[BlackElo "2224"]
[PlyCount "45"]
[EventDate "2019.11.01"]
[EventType "team-tourn"]
[EventRounds "9"]
[EventCountry "NOR"]
[SourceTitle "CBM 194 Extra"]
[Source "ChessBase"]
[SourceDate "2020.03.31"]
[SourceVersion "1"]
[SourceVersionDate "2020.03.31"]
[SourceQuality "1"]
[WhiteTeam "Asker"]
[BlackTeam "SK 96"]
[WhiteTeamCountry "NOR"]
[BlackTeamCountry "NOR"]

1. e4 c6 2. Nf3 d5 3. exd5 cxd5 4. Ne5 Nc6 5. d4 Nf6 6. Bb5 Bd7 7. Nxd7 Qxd7 8. c3 g6 9. 0-0 Bg7 10. Nd2 a6 11. Bd3 0-0 12. Re1 Rfe8 13. Nf3 Qc7 14. Ne5 Nxe5 15. dxe5 Nd7 16. f4 Nc5 17. Bc2 Rad8 18. Be3 f5 19. a4 e6 20. a5 Rc8 21. Kh1 Bf8 22. Qe2 Be7 23. Bd4 1/2-1/2

[Event "NOR-chT Elite 1920"]
[Site "Norway"]
[Date "2019.11.01"]
[Round "1.2"]
[White "Ekeberg, Carl Fredrik"]
[Black "Storme, Isak"]
[Result "1/2-1/2"]
[WhiteElo "2265"]
[BlackElo "2229"]
[PlyCount "108"]
[EventDate "2019.11.01"]
[EventType "team-tourn"]
[EventRounds "9"]
[EventCountry "NOR"]
[SourceTitle "CBM 194 Extra"]
[Source "ChessBase"]
[SourceDate "2020.03.31"]
[SourceVersion "1"]
[SourceVersionDate "2020.03.31"]
[SourceQuality "1"]
[WhiteTeam "Asker"]
[BlackTeam "Oslo SK 1911"]
[WhiteTeamCountry "NOR"]
[BlackTeamCountry "NOR"]

1. d4 d5 2. c4 e6 3. cxd5 exd5 4. Nc3 c6 5. Bf4 Bd6 6. Bxd6 Qxd6 7. e3 Bf5 8. Nf3 Nf6 9. Be2 0-0 10. 0-0 Nbd7 11. Nh4 Be6 12. Qc2 Ng4 13. g3 f5 14. Bd3 g6 15. Rae1 Ngf6 16. f3 Bf7 17. Ng2 Rfe8 18. Qd2 a6 19. Nf4 c5 20. Bc2 c4 21. h3 g5 22. Nfe2 Bg6 23. g4 fxg4 24. Bxg6 hxg6 25. hxg4 Kg7 26. Kg2 b5 27. Rh1 b4 28. Nd1 Rac8 29. Ng3 Nb6 30. Qc2 c3 31. b3 Rh8 32. Nf2 Rh4 33. Nd3 Rch8 34. Ne5 Nfd7 35. Nxd7 Rxh1 36. Rxh1 Rxh1 37. Nxh1 Qxd7 38. Nf2 Qd6 39. Nd3 a5 40. Ne5 Nd7 41. Nd3 Qe6 42. Kf2 Qd6 43. Kg2 Qc6 44. Kf2 Qc7 45. Kg2 Qb8 46. Nc1 a4 47. Nd3 a3 48. Ne1 Nb6 49. Nd3 Qd6 50. Ne5 Nd7 51. Nd3 Qe7 52. Kf2 Qd6 53. Kg2 Qe7 54. Kf2 Qd6 1/2-1/2

[Event "NOR-chT 1819"]
[Site "Norway"]
[Date "2019.03.10"]
[Round "9.4"]
[White "Ekeberg, Carl Fredrik"]
[Black "Mihajlov, Sebastian"]
[Result "0-1"]
[WhiteElo "2280"]
[BlackElo "2373"]
[PlyCount "114"]
[EventDate "2018.11.02"]
[EventType "team-tourn"]
[EventRounds "9"]
[EventCountry "NOR"]
[SourceTitle "CBM 189 Extra"]
[Source "ChessBase"]
[SourceDate "2019.06.03"]
[SourceVersion "1"]
[SourceVersionDate "2019.06.03"]
[SourceQuality "1"]
[WhiteTeam "Asker"]
[BlackTeam "OSS"]
[WhiteTeamCountry "NOR"]
[BlackTeamCountry "NOR"]

1. d4 Nf6 2. c4 c6 3. Nc3 d5 4. cxd5 cxd5 5. Bf4 Nc6 6. e3 Bf5 7. Rc1 a6 8. Nf3 Rc8 9. Be2 e6 10. 0-0 Bd6 11. Bxd6 Qxd6 12. Na4 0-0 13. a3 b5 14. Nc5 Na5 15. a4 Qb6 16. axb5 axb5 17. Nh4 Be4 18. f3 Bg6 19. Nxg6 hxg6 20. Qd3 Nc4 21. b3 Na3 22. b4 Nc4 23. Ra1 Ra8 24. Qc3 Qc6 25. Kf2 Qc7 26. Kg1 Rfe8 27. f4 Qc6 28. Bf3 Nd7 29. Kf2 Ndb6 30. Rxa8 Rxa8 31. Ra1 Nd6 32. g4 Nbc4 33. Qc1 Qc8 34. Be2 Qd8 35. g5 Nf5 36. Bxc4 dxc4 37. Qc3 Rxa1 38. Qxa1 Qd5 39. Qc1 f6 40. gxf6 gxf6 41. Qb1 Kf7 42. Qe4 Nd6 43. Qf3 Ke7 44. Ke2 Qxf3+ 45. Kxf3 f5 46. h4 Ne8 47. e4 Nf6 48. e5 Nd5 49. Nb7 c3 50. Ke2 Nxf4+ 51. Kd1 Nd5 52. Nd6 f4 53. Nxb5 f3 54. Na3 Nxb4 55. Nc4 Nd5 56. Na3 Ne3+ 57. Ke1 c2 0-1

[Event "NOR-chT 1617"]
[Site "Norway"]
[Date "2016.10.30"]
[Round "3.4"]
[White "Berg, Johan"]
[Black "Ekeberg, Carl Fredrik"]
[Result "1/2-1/2"]
[WhiteElo "2235"]
[BlackElo "2255"]
[PlyCount "81"]
[EventDate "2016.10.28"]
[EventType "team-tourn"]
[EventRounds "9"]
[EventCountry "NOR"]
[SourceTitle "EXT 2018"]
[Source "ChessBase"]
[SourceDate "2017.10.13"]
[SourceVersion "1"]
[SourceVersionDate "2017.10.13"]
[SourceQuality "1"]
[WhiteTeam "Black Knights"]
[BlackTeam "Asker"]
[WhiteTeamCountry "NOR"]
[BlackTeamCountry "NOR"]

1. d4 Nf6 2. c4 e6 3. Nf3 d5 4. g3 Bb4+ 5. Bd2 Be7 6. Bg2 c6 7. 0-0 b6 8. Nc3 Nbd7 9. Qa4 Bb7 10. cxd5 cxd5 11. Ne5 0-0 12. Nc6 Bxc6 13. Qxc6 Qc8 14. Qa4 Qb7 15. Rfe1 Rac8 16. e4 Rc4 17. Qd1 dxe4 18. Nxe4 Qc8 19. Bf4 Nxe4 20. Bxe4 Nf6 21. Bd3 Rc6 22. Qa4 Nd5 23. Rac1 Rxc1 24. Rxc1 Qd8 25. Bd2 a5 26. Qc6 Bg5 27. Bxg5 Qxg5 28. Be4 Ne7 29. Qc7 f5 30. Bb7 f4 31. Qe5 Qxe5 32. dxe5 Ng6 33. Rc6 Rb8 34. Bc8 Nxe5 35. Bxe6+ Kf8 36. Rc7 Re8 37. Bf5 g6 38. Bc2 fxg3 39. hxg3 Nf3+ 40. Kf1 Re7 41. Rxe7 1/2-1/2

[Event "NOR-chT 1516"]
[Site "Norway"]
[Date "2016.03.06"]
[Round "9.2"]
[White "Flermoen, Peter"]
[Black "Ekeberg, Carl Fredrik"]
[Result "1/2-1/2"]
[WhiteElo "2250"]
[BlackElo "2251"]
[PlyCount "41"]
[EventDate "2015.10.30"]
[EventType "team-tourn"]
[EventRounds "9"]
[EventCountry "NOR"]
[SourceTitle "EXT 2017"]
[Source "ChessBase"]
[SourceDate "2016.10.25"]
[SourceVersion "1"]
[SourceVersionDate "2016.10.25"]
[SourceQuality "1"]
[WhiteTeam "Trondheim"]
[BlackTeam "Asker"]
[WhiteTeamCountry "NOR"]
[BlackTeamCountry "NOR"]

1. e4 c6 2. d4 d5 3. Nc3 dxe4 4. Nxe4 Nd7 5. Nf3 Ngf6 6. Bd3 Nxe4 7. Bxe4 Nf6 8. Bd3 Bg4 9. c3 e6 10. Bf4 Be7 11. h3 Bxf3 12. Qxf3 Qd5 13. Qxd5 Nxd5 14. Bg3 0-0 15. 0-0 Rfd8 16. Rad1 Rd7 17. Be2 Rad8 18. Rd3 Bd6 19. Bxd6 Rxd6 20. g3 g6 21. Rfd1 1/2-1/2

[Event "NOR-chT 1516"]
[Site "Norway"]
[Date "2016.03.05"]
[Round "8.5"]
[White "Ekeberg, Carl Fredrik"]
[Black "Hansen, Torbjorn Ringdal"]
[Result "0-1"]
[WhiteElo "2251"]
[BlackElo "2479"]
[PlyCount "124"]
[EventDate "2015.10.30"]
[EventType "team-tourn"]
[EventRounds "9"]
[EventCountry "NOR"]
[SourceTitle "EXT 2017"]
[Source "ChessBase"]
[SourceDate "2016.10.25"]
[SourceVersion "1"]
[SourceVersionDate "2016.10.25"]
[SourceQuality "1"]
[WhiteTeam "Asker"]
[BlackTeam "Oslo SK 1911"]
[WhiteTeamCountry "NOR"]
[BlackTeamCountry "NOR"]

1. d4 Nf6 2. c4 c5 3. d5 b5 4. cxb5 a6 5. b6 e6 6. Nc3 exd5 7. Nxd5 Nxd5 8. Qxd5 Nc6 9. Nf3 Rb8 10. e4 Be7 11. Bc4 0-0 12. 0-0 Rxb6 13. Qh5 Qe8 14. Rb1 d6 15. Rd1 Be6 16. Bd5 Nb4 17. Bxe6 fxe6 18. Qxe8 Rxe8 19. a3 Nc2 20. Rd3 Bf6 21. e5 dxe5 22. Rc3 Rd8 23. Nd2 Nd4 24. Kf1 Nb5 25. Rxc5 e4 26. Nc4 Nc3 27. Bg5 Rxb2 28. Nxb2 Nxb1 29. Bxf6 gxf6 30. Nc4 Rd1+ 31. Ke2 Rd3 32. g4 Nc3+ 33. Kf1 Nd5 34. Ke1 Rc3 35. Rc8+ Kg7 36. Nd6 Rxc8 37. Nxc8 f5 38. Nd6 Kf6 39. gxf5 exf5 40. Nb7 Ke5 41. Nc5 Nc7 42. Nd7+ Kd4 43. h4 h6 44. h5 Ne6 45. Nb8 Nf4 46. Nxa6 Nxh5 47. Nc7 Nf4 48. Ne8 Nd3+ 49. Kf1 f4 50. a4 Nc5 51. a5 Kd3 52. Nd6 h5 53. Nf5 e3 54. fxe3 fxe3 55. Nh4 Kd2 56. Nf3+ Kd1 57. Kg2 e2 58. Kh3 Ne4 59. a6 Ng5+ 60. Kg2 Nxf3 61. a7 e1Q 62. a8Q Qg1+ 0-1

[Event "NOR-chT 1516"]
[Site "Norway"]
[Date "2015.11.01"]
[Round "3.3"]
[White "Sorensen, Kristian"]
[Black "Ekeberg, Carl Fredrik"]
[Result "1/2-1/2"]
[WhiteElo "2110"]
[BlackElo "2251"]
[PlyCount "35"]
[EventDate "2015.10.30"]
[EventType "team-tourn"]
[EventRounds "9"]
[EventCountry "NOR"]
[SourceTitle "CBM 169 Extra"]
[Source "ChessBase"]
[SourceDate "2015.12.18"]
[SourceVersion "1"]
[SourceVersionDate "2015.12.18"]
[SourceQuality "1"]
[WhiteTeam "Sotra"]
[BlackTeam "Asker"]
[WhiteTeamCountry "NOR"]
[BlackTeamCountry "NOR"]

1. d4 Nf6 2. Nf3 d5 3. c4 e6 4. Nc3 Bb4 5. Bg5 h6 6. Bxf6 Qxf6 7. e3 0-0 8. a3 Bxc3+ 9. bxc3 c5 10. cxd5 exd5 11. Be2 Nc6 12. 0-0 Rd8 13. Nd2 Bf5 14. Bf3 Rac8 15. Rc1 Qd6 16. Qb3 b6 17. Qa2 Na5 18. Rfd1 1/2-1/2

[Event "Politiken Cup 37th"]
[Site "Helsingor"]
[Date "2015.07.26"]
[Round "2"]
[White "Zakariassen, Tom A"]
[Black "Ekeberg, Carl Fredrik"]
[Result "0-1"]
[WhiteElo "1798"]
[BlackElo "2267"]
[PlyCount "48"]
[EventDate "2015.07.25"]
[EventType "swiss"]
[EventRounds "10"]
[EventCountry "DEN"]
[SourceTitle "CBM 167 Extra"]
[Source "ChessBase"]
[SourceDate "2015.09.14"]
[SourceVersion "1"]
[SourceVersionDate "2015.09.14"]
[SourceQuality "1"]

1. f4 Nf6 2. Nf3 g6 3. e3 Bg7 4. d4 0-0 5. Bd3 d6 6. 0-0 Nc6 7. c3 e5 8. fxe5 dxe5 9. Bc2 e4 10. Ng5 Qd5 11. Nxf7 Qxf7 12. Bb3 Be6 13. d5 Bxd5 14. Rxf6 Bxb3 15. Rxf7 Bxd1 16. Rxc7 Rf7 17. Rxf7 Kxf7 18. Nd2 Bc2 19. Nf1 Ne5 20. Bd2 Nc4 21. Rc1 Bd3 22. b3 Nxd2 23. Nxd2 Ke6 24. c4 Bh6 0-1

[Event "EU-Cup 30th"]
[Site "Bilbao"]
[Date "2014.09.14"]
[Round "1.3"]
[White "Ekeberg, Carl Fredrik"]
[Black "Postny, Evgeny"]
[Result "0-1"]
[WhiteElo "2294"]
[BlackElo "2641"]
[PlyCount "132"]
[EventDate "2014.09.14"]
[EventType "team-swiss"]
[EventRounds "7"]
[EventCountry "ESP"]
[SourceTitle "CBM 163"]
[Source "ChessBase"]
[SourceDate "2014.11.11"]
[SourceVersion "1"]
[SourceVersionDate "2014.11.11"]
[SourceQuality "1"]
[WhiteTeam "Asker"]
[BlackTeam "Beer Sheva"]
[WhiteTeamCountry "NOR"]
[BlackTeamCountry "ISR"]

1. d4 d5 2. c4 c6 3. cxd5 cxd5 4. Bf4 Nc6 5. Nc3 Nf6 6. e3 Bg4 7. Qb3 Na5 8. Qa4+ Bd7 9. Qc2 e6 10. Nf3 Rc8 11. Bd3 Bb4 12. 0-0 h6 13. Rfc1 0-0 14. h3 Qe7 15. Ne5 Rfd8 16. Rab1 Be8 17. Qe2 Bxc3 18. bxc3 Ne4 19. Bxe4 dxe4 20. c4 f6 21. Ng4 h5 22. Nh2 e5 23. Bg3 exd4 24. exd4 Rxd4 25. Nf1 Rdxc4 26. Rxc4 Nxc4 27. Rc1 Qe6 28. Nd2 Nxd2 29. Rxc8 Qxc8 30. Qxd2 Bf7 31. a3 Qc4 32. Qd8+ Kh7 33. Qe7 Qd5 34. h4 Be6 35. Kh2 a6 36. Qc7 Bd7 37. Bf4 Bc6 38. Be3 Qf5 39. Qg3 Qd7 40. Bc5 Qd5 41. Bf8 Qf7 42. Bc5 b5 43. Qd6 Qd5 44. Qxd5 Bxd5 45. Kg3 g5 46. Be3 Kg6 47. Kh3 Bc4 48. Kg3 Bf1 49. hxg5 fxg5 50. Bd2 h4+ 51. Kh3 Kh5 52. Be3 g4+ 53. Kh2 Bc4 54. Bb6 Be6 55. Bc7 e3 56. fxe3 g3+ 57. Kg1 Bd5 58. e4 Bxe4 59. Kf1 Kg4 60. Bb6 Bd5 61. Bc7 h3 62. gxh3+ Kxh3 63. Bb6 Kh2 64. Bc7 Bc4+ 65. Ke1 Kg2 66. Bb6 Kh1 0-1

[Event "Barcelona Sants op 16th"]
[Site "Barcelona"]
[Date "2014.08.25"]
[Round "4"]
[White "Serarols Mabras, Bernat"]
[Black "Ekeberg, Carl Fredrik"]
[Result "1/2-1/2"]
[WhiteElo "2094"]
[BlackElo "2294"]
[PlyCount "83"]
[EventDate "2014.08.22"]
[EventType "swiss"]
[EventRounds "10"]
[EventCountry "ESP"]
[SourceTitle "CBM 162 Extra"]
[Source "ChessBase"]
[SourceDate "2014.10.17"]
[SourceVersion "1"]
[SourceVersionDate "2014.10.17"]
[SourceQuality "1"]

1. d4 Nf6 2. c4 e6 3. Nc3 Bb4 4. e3 0-0 5. Bd3 d5 6. cxd5 exd5 7. Nge2 Bd6 8. 0-0 c6 9. Nf4 a5 10. f3 Bxf4 11. exf4 b6 12. f5 Ne8 13. g4 Nd6 14. Bf4 Ba6 15. Ne2 Bxd3 16. Qxd3 Na6 17. b3 Nb4 18. Qd2 Re8 19. Be5 f6 20. Bg3 Nb5 21. Nf4 Nc7 22. Rac1 Qd7 23. Kh1 Re7 24. Rg1 Rae8 25. a3 Nba6 26. Nh5 Nb5 27. Qf4 c5 28. g5 Nxd4 29. gxf6 Rf7 30. Nxg7 Rxg7 31. fxg7 Ne2 32. Qh6 Nxc1 33. Qxc1 Qxf5 34. Qf1 Nb8 35. Bxb8 Rxb8 36. f4 Qe4+ 37. Rg2 Rb7 38. Qa6 Qe1+ 39. Rg1 Qe4+ 40. Rg2 Qe1+ 41. Rg1 Qe4+ 42. Rg2 1/2-1/2

[Event "Reykjavik op"]
[Site "Reykjavik"]
[Date "2014.03.05"]
[Round "2"]
[White "Ekeberg, Carl Fredrik"]
[Black "Naiditsch, Arkadij"]
[Result "0-1"]
[WhiteElo "2303"]
[BlackElo "2706"]
[PlyCount "46"]
[EventDate "2014.03.04"]
[EventType "swiss"]
[EventRounds "10"]
[EventCountry "ISL"]
[SourceTitle "CBM 159 Extra"]
[Source "ChessBase"]
[SourceDate "2014.04.24"]
[SourceVersion "1"]
[SourceVersionDate "2014.04.24"]
[SourceQuality "1"]

1. d4 Nf6 2. Nf3 e6 3. Bf4 b6 4. e3 Bb7 5. Nbd2 Be7 6. h3 0-0 7. Bd3 c5 8. c3 d5 9. Ne5 Ne4 10. Nxe4 dxe4 11. Be2 cxd4 12. Qxd4 Qc8 13. Nc4 Rd8 14. Nd6 Bxd6 15. Bxd6 Nc6 16. Qd2 Ne7 17. g4 Qc6 18. 0-0-0 Nc8 19. Ba3 Rxd2 20. Rxd2 Qc7 21. Rhd1 Bd5 22. Kb1 Ne7 23. c4 Bc6 0-1

[Event "NOR-chT 1314"]
[Site "Norway"]
[Date "2014.01.10"]
[Round "4.3"]
[White "Ekeberg, Carl Fredrik"]
[Black "Astrup, Kim"]
[Result "1/2-1/2"]
[WhiteElo "2304"]
[BlackElo "2235"]
[PlyCount "47"]
[EventDate "2013.11.01"]
[EventType "team-tourn"]
[EventRounds "9"]
[EventCountry "NOR"]
[SourceTitle "EXT 2015"]
[Source "ChessBase"]
[SourceDate "2014.11.20"]
[SourceVersion "1"]
[SourceVersionDate "2014.11.20"]
[SourceQuality "1"]
[WhiteTeam "Asker"]
[BlackTeam "SOSS"]
[WhiteTeamCountry "NOR"]
[BlackTeamCountry "NOR"]

1. d4 d5 2. c4 c6 3. cxd5 cxd5 4. Bf4 Nc6 5. Nc3 Nf6 6. e3 Bg4 7. Qb3 Na5 8. Qa4+ Bd7 9. Qc2 Rc8 10. Bd3 e6 11. Nf3 Nc4 12. 0-0 Bd6 13. Bxd6 Nxd6 14. Qe2 0-0 15. Ne5 Be8 16. f3 Qb6 17. Rac1 Nd7 18. Na4 Qd8 19. Nxd7 Bxd7 20. Nc5 Bc6 21. Qf2 b6 22. Na6 Bb5 23. Bxb5 Nxb5 24. Nb4 1/2-1/2

[Event "EU-Cup 29th"]
[Site "Rhodes"]
[Date "2013.10.21"]
[Round "2.5"]
[White "Judkovsky, Yair"]
[Black "Ekeberg, Carl Fredrik"]
[Result "1/2-1/2"]
[WhiteElo "2348"]
[BlackElo "2288"]
[PlyCount "72"]
[EventDate "2013.10.20"]
[EventType "team-swiss"]
[EventRounds "7"]
[EventCountry "GRE"]
[SourceTitle "CBM 157"]
[Source "ChessBase"]
[SourceDate "2013.11.12"]
[SourceVersion "1"]
[SourceVersionDate "2013.11.12"]
[SourceQuality "1"]
[WhiteTeam "Kfar Saba"]
[BlackTeam "Asker"]
[WhiteTeamCountry "ISR"]
[BlackTeamCountry "NOR"]

1. e4 e5 2. Nf3 Nc6 3. Bb5 g6 4. 0-0 Bg7 5. c3 a6 6. Ba4 Nge7 7. d4 exd4 8. cxd4 0-0 9. d5 b5 10. Bc2 Na5 11. Nbd2 d6 12. Re1 c6 13. dxc6 Naxc6 14. Nb3 Bb7 15. Nbd4 Nxd4 16. Nxd4 Nc6 17. Be3 d5 18. exd5 Nxd4 19. Bxd4 Qxd5 20. Be4 Qxd4 21. Bxb7 Rab8 22. Qxd4 Bxd4 23. Re7 Bxb2 24. Rd1 Bf6 25. Red7 Rbd8 26. Bxa6 Rxd7 27. Rxd7 Ra8 28. Bxb5 Rxa2 29. g3 Ra1+ 30. Kg2 Re1 31. Bc4 Re7 32. Rxe7 Bxe7 33. Kf3 Kg7 34. Kg2 Kg8 35. Kf3 Kg7 36. Kg2 Kg8 1/2-1/2

[Event "NOR-chT 1213"]
[Site "Norway"]
[Date "2013.04.05"]
[Round "7"]
[White "Gamback, Bjorn"]
[Black "Ekeberg, Carl Fredrik"]
[Result "0-1"]
[WhiteElo "2163"]
[BlackElo "2274"]
[PlyCount "118"]
[EventDate "2012.11.02"]
[EventType "team-tourn"]
[EventRounds "9"]
[EventCountry "NOR"]
[SourceTitle "EXT 2014"]
[Source "ChessBase"]
[SourceDate "2013.11.20"]
[SourceVersion "1"]
[SourceVersionDate "2013.11.20"]
[SourceQuality "1"]
[WhiteTeam "Trondheim"]
[BlackTeam "Asker"]
[WhiteTeamCountry "NOR"]
[BlackTeamCountry "NOR"]

1. Nf3 c5 2. c4 Nc6 3. b3 e5 4. d3 e4 5. Ng5 exd3 6. Qxd3 Nb4 7. Qd2 Be7 8. Nf3 Nf6 9. Nc3 d5 10. a3 d4 11. axb4 dxc3 12. Qxc3 cxb4 13. Qc2 0-0 14. e3 g6 15. Bd3 Nd7 16. Be4 Nc5 17. Nd4 Bf6 18. Bb2 a5 19. 0-0 Bd7 20. Bd5 Qe7 21. Nf3 Bxb2 22. Qxb2 Bc6 23. Rfd1 a4 24. bxa4 Nxa4 25. Qd4 Nc3 26. Rxa8 Ne2+ 27. Kf1 Nxd4 28. Rxf8+ Kxf8 29. Nxd4 Qc7 30. Rb1 Qxh2 31. Rxb4 Bxd5 32. cxd5 Qh5 33. f3 Qxd5 34. Kf2 h5 35. Rb5 Qd7 36. Rb1 Qc7 37. Rd1 h4 38. Rb1 Qh2 39. Ne2 h3 40. Nf4 hxg2 41. Nxg2 Qc7 42. Ne1 g5 43. Rb5 f6 44. Rb4 Qc6 45. Rd4 b5 46. Nd3 Qc2+ 47. Kg3 Qd2 48. Nf2 Qxe3 49. Rb4 Qc5 50. Rb3 Qc4 51. Rb2 f5 52. Nh3 Qh4+ 53. Kg2 g4 54. fxg4 Qxg4+ 55. Kh2 b4 56. Rf2 b3 57. Rb2 Qe4 58. Rf2 b2 59. Ng5 Qe5+ 0-1

[Event "Reykjavik op"]
[Site "Reykjavik"]
[Date "2013.02.26"]
[Round "9"]
[White "Huang, Qian"]
[Black "Ekeberg, Carl Fredrik"]
[Result "1-0"]
[WhiteElo "2478"]
[BlackElo "2274"]
[PlyCount "143"]
[EventDate "2013.02.19"]
[EventType "swiss"]
[EventRounds "10"]
[EventCountry "ISL"]
[SourceTitle "CBM 153 Extra"]
[Source "ChessBase"]
[SourceDate "2013.04.22"]
[SourceVersion "1"]
[SourceVersionDate "2013.04.22"]
[SourceQuality "1"]

1. Nf3 c5 2. c4 Nc6 3. Nc3 e5 4. d3 g6 5. g3 Bg7 6. Bg2 d6 7. 0-0 Nge7 8. Ne1 Be6 9. Nc2 d5 10. cxd5 Nxd5 11. Ne4 b6 12. Ng5 Bc8 13. Ne3 Nde7 14. a3 h6 15. Ne4 f5 16. Nc3 Be6 17. b4 Rb8 18. bxc5 bxc5 19. Rb1 Rxb1 20. Nxb1 0-0 21. Nd2 Nd4 22. Bb2 Qd7 23. Nec4 Bd5 24. Bxd5+ Qxd5 25. Bxd4 cxd4 26. Qa4 Qa8 27. Qd7 Nc6 28. Rb1 Qc8 29. Qxc8 Rxc8 30. Rb7 Bf6 31. Nd6 Rb8 32. Rc7 Ne7 33. Rxa7 Nd5 34. N6c4 Nc3 35. Kf1 e4 36. Ra6 Kg7 37. Rb6 Ra8 38. Nd6 Be7 39. N2c4 Bf6 40. Rb7+ Kg8 41. Rc7 Bg7 42. Rc8+ Rxc8 43. Nxc8 Kf7 44. N8b6 Ke7 45. a4 Kd8 46. a5 Kc7 47. h4 Bf8 48. a6 Nb5 49. Nd5+ Kb8 50. Ne5 Ka7 51. Nxg6 Ba3 52. Nde7 Nd6 53. dxe4 fxe4 54. Nc6+ Kxa6 55. Nxd4 Bb2 56. Ne6 Kb6 57. Kg2 Kc6 58. Ngf4 Kd7 59. Kh3 Ke7 60. Kg4 Bc3 61. Nd5+ Kxe6 62. Nxc3 Ke5 63. Kh5 Kd4 64. Nd1 Kc4 65. Kxh6 Kb3 66. Ne3 Kc3 67. Kg6 Kd2 68. h5 Kxe2 69. h6 Kxf2 70. h7 Kxe3 71. h8Q Nb5 72. Qb2 1-0

[Event "Reykjavik op"]
[Site "Reykjavik"]
[Date "2013.02.23"]
[Round "6"]
[White "Ekeberg, Carl Fredrik"]
[Black "Oleksienko, Mikhailo"]
[Result "0-1"]
[WhiteElo "2274"]
[BlackElo "2568"]
[PlyCount "90"]
[EventDate "2013.02.19"]
[EventType "swiss"]
[EventRounds "10"]
[EventCountry "ISL"]
[SourceTitle "CBM 153 Extra"]
[Source "ChessBase"]
[SourceDate "2013.04.22"]
[SourceVersion "1"]
[SourceVersionDate "2013.04.22"]
[SourceQuality "1"]

1. d4 Nf6 2. c4 c6 3. Nf3 d5 4. Qc2 g6 5. Bf4 Bg7 6. e3 0-0 7. Nc3 c5 8. dxc5 Qa5 9. Nd4 dxc4 10. Bxc4 Qxc5 11. Bd3 Nd5 12. Nxd5 Qxd5 13. Bxb8 Rxb8 14. 0-0 Bxd4 15. exd4 Qxd4 16. Rfd1 Qb6 17. Qe2 Be6 18. b3 Rbc8 19. Rac1 Rxc1 20. Rxc1 Qd6 21. h3 Rd8 22. Be4 b6 23. Bf3 Qd2 24. Rc2 Qxe2 25. Bxe2 Bf5 26. Rc7 Rd7 27. Rxd7 Bxd7 28. f4 Kg7 29. Kf2 Kf6 30. h4 h6 31. Ke3 e5 32. g3 Be6 33. Bd1 g5 34. hxg5+ hxg5 35. fxg5+ Kxg5 36. Ke4 Bg4 37. Bxg4 Kxg4 38. Kxe5 Kxg3 39. Kf6 Kf4 40. Kxf7 Ke5 41. Ke7 Kd4 42. Kd6 Kc3 43. Kc6 Kb2 44. Kb7 Kxa2 45. Kxa7 b5 0-1

[Event "NOR-chT 1213"]
[Site "Norway"]
[Date "2012.11.04"]
[Round "3"]
[White "Ekeberg, Carl Fredrik"]
[Black "Grandelius, Nils"]
[Result "0-1"]
[WhiteElo "2274"]
[BlackElo "2593"]
[PlyCount "68"]
[EventDate "2012.11.02"]
[EventType "team-tourn"]
[EventRounds "9"]
[EventCountry "NOR"]
[SourceTitle "EXT 2013"]
[Source "ChessBase"]
[SourceDate "2012.11.22"]
[SourceVersion "1"]
[SourceVersionDate "2012.11.22"]
[SourceQuality "1"]
[WhiteTeam "Asker"]
[BlackTeam "Kristiansund"]
[WhiteTeamCountry "NOR"]
[BlackTeamCountry "NOR"]

1. e4 c5 2. Nf3 d6 3. Bb5+ Nd7 4. c3 Ngf6 5. Qe2 a6 6. Ba4 e5 7. Bb3 Be7 8. a4 0-0 9. d3 b6 10. Bg5 Bb7 11. Nbd2 d5 12. 0-0 c4 13. Bc2 cxd3 14. Bxd3 dxe4 15. Nxe4 Bxe4 16. Bxe4 Nxe4 17. Bxe7 Nxc3 18. bxc3 Qxe7 19. Rfd1 e4 20. Nd2 Nc5 21. Nc4 Qc7 22. Ne3 Nd3 23. Nd5 Qc5 24. c4 Rad8 25. Qe3 Qxc4 26. Nxb6 Qe6 27. Rab1 f5 28. f3 h6 29. a5 Qe5 30. h3 Kh8 31. Nc4 Qd5 32. Nb2 f4 33. Qxe4 Qc5+ 34. Kh1 Nf2+ 0-1